000
00263 a2200085 4500
020
_a
9780008360115
100
_a
Michał Gaszyński and Collins Books
245
_a
World Wonders: Discover the secrets of our planet’s iconic structures
260
_b
Collins
_c
2019
999
_c
13694
_d
13694